000 00379nam a2200157Ia 4500
003 OSt
005 20240208102549.0
008 170523s9999 xx 000 0 und d
020 _a ‎ 978-0256032673
040 _ciimt university meerut
100 _aMILKOVICH
245 0 _aPERSONNEL HUMAN RESOURCE MANAGEMENT
260 _bRICHARD D IRWIN
260 _c1994
942 _2ddc
_c02
999 _c408
_d408